| 000 | 00748nam a2200253Ia 4500 | ||
|---|---|---|---|
| 008 | |||
| 020 | _a0521663962(pbk.) | ||
| 049 | _aMAIN | ||
| 090 | _aQA911BAT. | ||
| 100 | 1 | _aBatchelor, G. K. | |
| 245 | 1 | 3 |
_aAn introduction to fluid dynamics / _cby G.K. Batchelor. |
| 246 | 3 | 0 | _aFluid dynamics |
| 260 |
_aCambridge : _bCambridge University Press, _c2000. |
||
| 300 |
_axviii, 615 p. : _bill. ; _c23 cm. |
||
| 440 | 0 | _aCambridge mathematical library | |
| 500 | _aIncludes index. | ||
| 504 | _aIncludes bibliographical references. | ||
| 650 | 0 | _aFluid dynamics. | |
| 907 |
_a.b10174023 _b01-09-08 _c01-09-05 |
||
| 003 | |||
| 005 | 20230123134142.0 | ||
| 040 | _cNUST | ||
| 942 |
_cBOOKS _kQA911BAT. |
||
| 999 |
_c160943 _d160943 |
||